Bible and ecology : (Record no. 8158)

MARC details
000 -LEADER
fixed length control field 01666cam a2200361 a 4500
001 - CONTROL NUMBER
control field 16183750
003 - CONTROL NUMBER IDENTIFIER
control field GBCCL
005 - DATE AND TIME OF LATEST TRANSACTION
control field 20241126110644.0
008 - FIXED-LENGTH DATA ELEMENTS--GENERAL INFORMATION
fixed length control field 100413s2010 txu b 001 0 eng
010 ## -
-- 2010015524
020 ## - INTERNATIONAL STANDARD BOOK NUMBER
International Standard Book Number 9781602583108 (pbk. : alk. paper)
020 ## - INTERNATIONAL STANDARD BOOK NUMBER
International Standard Book Number 1602583102
035 ## - SYSTEM CONTROL NUMBER
System control number (OCoLC)ocn608297467
040 ## - CATALOGING SOURCE
Original cataloging agency DLC
Transcribing agency DLC
Modifying agency YDXCP
-- C#P
-- NNG
-- LMR
-- CDX
-- DLC
050 00 -
-- BS660
-- .B38 2010
082 00 - DEWEY DECIMAL CLASSIFICATION NUMBER
Classification number 261.88
Edition information 22
Item number BAU
100 1# - MAIN ENTRY--PERSONAL NAME
Personal name Bauckham, Richard.
9 (RLIN) 11923
245 10 - TITLE STATEMENT
Title Bible and ecology :
Remainder of title rediscovering the community of creation /
Statement of responsibility, etc. Richard Bauckham.
260 ## - PUBLICATION, DISTRIBUTION, ETC.
Place of publication, distribution, etc. Waco, Tex. :
Name of publisher, distributor, etc. Baylor University Press,
Date of publication, distribution, etc. 2010.
300 ## - PHYSICAL DESCRIPTION
Extent 226 p. ;
Dimensions 22 cm.
490 0# - SERIES STATEMENT
Series statement Sarum theological lectures
504 ## - BIBLIOGRAPHY, ETC. NOTE
Bibliography, etc. note Includes bibliographical references (p. 204-213) and indexes.
505 00 - FORMATTED CONTENTS NOTE
Formatted contents note Stewardship in question -- Putting us in our place -- The community of creation -- Where the wild things are -- From alpha to omega.
650 #0 - SUBJECT ADDED ENTRY--TOPICAL TERM
Topical term or geographic name entry element Human ecology
General subdivision Biblical teaching.
9 (RLIN) 14085
650 #0 - SUBJECT ADDED ENTRY--TOPICAL TERM
Topical term or geographic name entry element Human ecology
General subdivision Religious aspects
-- Christianity.
9 (RLIN) 2620
856 42 - ELECTRONIC LOCATION AND ACCESS
Materials specified Contributor biographical information
Uniform Resource Identifier <a href="http://www.loc.gov/catdir/enhancements/fy1201/2010015524-b.html">http://www.loc.gov/catdir/enhancements/fy1201/2010015524-b.html</a>
856 42 - ELECTRONIC LOCATION AND ACCESS
Materials specified Publisher description
Uniform Resource Identifier <a href="http://www.loc.gov/catdir/enhancements/fy1201/2010015524-d.html">http://www.loc.gov/catdir/enhancements/fy1201/2010015524-d.html</a>
856 41 - ELECTRONIC LOCATION AND ACCESS
Materials specified Table of contents only
Uniform Resource Identifier <a href="http://www.loc.gov/catdir/enhancements/fy1201/2010015524-t.html">http://www.loc.gov/catdir/enhancements/fy1201/2010015524-t.html</a>
856 41 - ELECTRONIC LOCATION AND ACCESS
Materials specified Sample text
Uniform Resource Identifier <a href="http://www.loc.gov/catdir/enhancements/fy1204/2010015524-s.html">http://www.loc.gov/catdir/enhancements/fy1204/2010015524-s.html</a>
906 ## - LOCAL DATA ELEMENT F, LDF (RLIN)
a 7
b cbc
c orignew
d 1
e ecip
f 20
g y-gencatlg
942 ## - ADDED ENTRY ELEMENTS (KOHA)
Source of classification or shelving scheme Dewey Decimal Classification
Koha item type Books
Koha issues (borrowed), all copies 27
Holdings
Withdrawn status Lost status Source of classification or shelving scheme Damaged status Not for loan Home library Current Library Shelving location Date acquired Total checkouts Total renewals Full call number Barcode Date last seen Date last checked out Copy number Price effective from Koha item type
    Dewey Decimal Classification     GRACE BIBLE COLLEGE GRACE BIBLE COLLEGE Ministry & Mission 2019-06-26 32 5 261.88 BAU 020058 2026-02-23 2026-02-19 c.1 2019-06-26 Books
© Grace Bible College Library 2025